01197nam a2200265 i 4500001001000000003000900010005001700019007000300036008004100039040003000080082001900110100004200129245010700171264006200278300002700340336002700367337003300394338002800427500018000455500011300635501006300748504002700811650005600838710003700894000000135DO-SdBNP20250321073607.0ta090130s2018 dr a 001 0 spa d aDO-SdBNPbspacBNPHUerda 4a460bP426c2221 aPeralta Romero, Rafael,d1948-eautor10aConcurrencia de libertades y restricciones en el uso de la lengua española /cRafael Peralta Romero. aSanto Domingo :bAcademia Dominicana de la Lengua,c2018. a32 páginas ;c28 cm. 2rdacontentatextobtxt 2rdamediaasin mediaciónbn 2rdacarrieravolumenbnc aTexto del discurso de ingreso presentado por Rafael Peralta Romero para su incorporación como miembro de número a la Academia Dominicana de la Lengua el 13 de febrero 2018 aA la cabeza de la portada: Academia Dominicana de la Lengua. Correspondiente de la Real Academia Española. aIncluye datos biográficos del autor en la página 29-32 aBibliografía : p. 28 4aEspañolxEnseñanzavEnsayos, conferencias, etc.2 aAcademia Dominicana de la Lengua